000 00362nam a2200133Ia 4500
008 240624s9999 xx 000 0 und d
041 _aeng
082 _a332.1 SHA
100 _aSHARMA MEERA
245 _aMANAGEMENT OF FINANCIAL INSTITUTIONS WIT
260 _c2008
_aNew Delhi
_bPrentice-Hall of India
300 _axvi, : 320 : p. : cm. ; 23
365 _cRS
_b35
999 _c15013
_d15013